| 000 | 00583nam a2200205Ia 4500 | ||
|---|---|---|---|
| 005 | 20250701164522.0 | ||
| 008 | 008 250505s9999 xx 000 0 eng d | ||
| 037 | _aTextual | ||
| 040 |
_aEASL _beng _cEASL |
||
| 041 |
_aeng _2eng |
||
| 084 |
_aY:10QW691.41.N6, L0 _qEASL |
||
| 100 |
_aCroizier Ralph C Ed. _9647909 |
||
| 245 | 0 | _aChina's cultural legacy and communism | |
| 260 |
_aUnited States _bNew York Praeger Pub. _c1970 |
||
| 300 | _a313p. | ||
| 365 | _b9.5 | ||
| 650 | _aCEL | ||
| 942 |
_cTEXL _hY:10QW691.41.N6, L0 |
||
| 999 |
_c1433349 _d1433349 |
||